000 03682cam a2200409 4500500
005 20260322002944.0
041 _afre
042 _adc
100 1 0 _aDumesnil, Hélène
_eauthor
700 1 0 _aCortaredona, Sébastien
_eauthor
700 1 0 _aCavillon, Marie
_eauthor
700 1 0 _aMikol, Fanny
_eauthor
700 1 0 _aAubry, Catherine
_eauthor
700 1 0 _aSebbah, Rémy
_eauthor
700 1 0 _aVerdoux, Hélène
_eauthor
700 1 0 _aVerger, Pierre
_eauthor
245 0 0 _aPrise en charge de la dépression en médecine générale de ville
260 _c2014.
500 _a99
520 _aUne étude a été réalisée en 2011 sur les stratégies de prise en charge de la dépression en médecine générale de ville et ses déterminants, dans le cadre d’un panel de médecins généralistes de ville composé d’un échantillon national et de trois échantillons régionaux ( n = 2 114). La majorité des médecins ont une opinion positive sur les psychothérapies et les jugent efficaces, mais ils soulignent plusieurs freins à leur accès. Dans la prise en charge de la dépression, les médecins prescrivent rarement une psychothérapie seule, même dans les cas d’intensité légère. Deux tiers d’entre eux proposent des antidépresseurs, associés par près de la moitié des prescripteurs à une psychothérapie. Les choix de traitement semblent être influencés par les caractéristiques individuelles et personnelles des médecins et les caractéristiques sociodémographiques des patients.
520 _aThe management of depression in general medicine in the cityWe assessed general practitioners’ (GPs) choices when starting treatment for major depression in a cross-sectional case-vignette survey implemented in 2011 within the parameters of an existing panel of randomly selected GPs (n=2 114 ; one national and three regional samples). Most GPs had a favourable opinion regarding the efficacy of psychotherapy in depression but they stressed several barriers in order to access this type of treatment. GPs rarely recommended psychotherapy alone. Two thirds of GPs proposed antidepressants and, among them about 50% proposed to refer the patient for psychotherapy. Treatment choices were associated with patients’ socio-demographic characteristics and GPs’ personal rather than professional characteristics.
520 _aSe ha realizado en 2011 un estudio sobre las estrategias de atención de la depresión en medicina general en zona urbana y sus determinantes, en el marco de un panel de médicos generalistas de zona urbana compuesto de una muestra nacional y tres muestras regionales (N = 2 114). La mayoría de los médicos tienen una opinión positiva sobre las psicoterapias y las juzgan eficaces, pero subrayan varios frenos a su acceso. En la atención de la depresión, los médicos raras veces prescriben solo una psicoterapia, incluso en los casos de intensidad leve. Las opciones de tratamiento parecen ir influidas por las características individuales y personales de los médicos y las características sociodemográficas de los pacientes.
690 _aantidépresseur
690 _adépression
690 _aenquête
690 _amédecine générale
690 _aprise en charge
690 _apsychothérapie
690 _aantidepressant
690 _adepression
690 _ageneral medicine
690 _amanagement
690 _apsychotherapy
690 _asurvey
786 0 _nL'information psychiatrique | Volume 90 | 5 | 2014-06-02 | p. 341-352 | 0020-0204
856 4 1 _uhttps://stm.cairn.info/revue-l-information-psychiatrique-2014-5-page-341?lang=fr&redirect-ssocas=7080
999 _c1728020
_d1728020